Paroles - M2LT - Michou - Statistiques

Statistiques générales
  • Ce quiz a été pris 206 fois
  • Le résultat moyen est 191 sur 362
Statistiques - réponses
Paroles % Correct
la
97%
de
95%
Téma
95%
mes
94%
couleur
93%
habits
92%
y
88%
je
87%
jamais
86%
que
86%
mieux
85%
a
84%
à
84%
sens
83%
Michou,
79%
Michou
79%
dans
78%
J'me
77%
j'me
77%
qui
76%
Qui
76%
Yeezy
76%
le
75%
tout
74%
bien
73%
bien"
73%
les
72%
Les
72%
Tu
71%
terrain
70%
amis
69%
ils
69%
eux
68%
sur
68%
Et
67%
sont
67%
très
67%
ma
66%
pour
66%
Youtube
66%
C'est
64%
c'est
64%
J'suis
64%
j'suis
64%
pas
64%
qu'dans
64%
abos
63%
ceux
63%
dit
62%
J'sais
62%
titubent
62%
tube
62%
ça
60%
Deezer
60%
faire
58%
tête
58%
jaloux
57%
verras
56%
mélo,
55%
au
53%
frère
53%
On
53%
on
53%
petit
53%
mais
51%
ton
51%
en
50%
En
50%
adore
49%
J'navigue
49%
m'dit
49%
Sache
49%
Bisous
47%
couture
47%
fais
47%
"frérot
47%
miens
47%
moi,
47%
moi
47%
temps?
47%
temps
47%
haters,
46%
j'fais
46%
réseau,
45%
un
45%
d'la
44%
numéro
44%
Numéro
44%
faisant
42%
même
41%
aux
40%
J'écris
40%
j'les
40%
J'les
40%
m'caressent
40%
réseaux,
40%
resté
40%
t'es
40%
tous
40%
youtubeur
39%
chante,
38%
J'ai
38%
J'rappe,
38%
lèche
38%
m'regardent
38%
chaud"
37%
J'buzz
37%
date
36%
d'hier
36%
d'hier,
36%
galéré
36%
j'serais
36%
franchement
35%
géré,
35%
suis
35%
"t'as
35%
tel-hô
35%
tel-hô,
35%
dis
33%
Dis
33%
j'saurais
33%
éteins
32%
meilleur
32%
simple
32%
filière
31%
sœur,
31%
fait
30%
par
29%
seum
29%
pètent
28%
sais
28%
seul,
28%
seul
28%
charbon
27%
leur
27%
vois
27%
d'été
25%
hiver
25%
des
24%
Supporté
24%
pensait
23%
Comme
22%
deux
22%
Chou chou chou chou
21%
douceur
21%
feu
21%
Gros
20%
non
18%
queue
18%
d'faire
16%
j'leur
16%
l'pays,
16%
nous
16%
loups
15%
va
15%
vise
14%
croyait
12%
prendre
12%
mile,
10%
place
10%
l'petit
8%
l'top
7%
être
6%
j'vais
6%
qu'j't'étonne
6%
Dis-moi
5%
ahah
4%
Dis-lui
4%
Aucun quiz correspondant
Distribution des résultats
% des personnes avec chaque résultat
Percentile par nombre de réponses
Votre historique - résultats
Vous n’avez pas pris ce quiz